| 000 | 02146nam0a2200385 4500 | ||
|---|---|---|---|
| 001 | RU\NLR\bibl\1874719 | ||
| 005 | 20260408071343.0 | ||
| 010 |
_a978-5-91050-090-1 _9300 |
||
| 021 |
_aRU _b2012-8432 _9625 |
||
| 035 | _a(nilc)RSL-KNO-005393865 | ||
| 035 | _a(NLR Aleph) 001864530 | ||
| 090 |
_a2577102 _c2577102 |
||
| 100 | _a20120220d2011 |||y0rusy50 ca | ||
| 101 | 0 | _arus | |
| 102 | _aRU | ||
| 105 | _aa ||||||||| | ||
| 200 | 1 |
_aПока мы помним, мы остаемся людьми... _eочерки о работе Краснодарской городской организации ветеранов _fАдминистрация муницип. образования г. Краснодар, Краснодар. гор. общественная орг. ветеранов войны, труда, вооруженных сил и правоохранит. органов _g[авт.-сост. И.С. Харченко] |
|
| 210 |
_aКраснодар _cДиапазон-В _d2011 |
||
| 215 |
_a157, [1] с. _cил., цв. ил. _d30 |
||
| 300 | _aПосвящается 65-летию Великой Победы | ||
| 601 | 0 | 2 |
_aКраснодарская городская общественная организация ветеранов войны, труда, Вооруженных сил и правоохранительных органов _92129885 _3RU\NLR\auth\661589104 |
| 686 |
_aЦ4,6(2Рос)910.3я43 _2rubbk |
||
| 686 |
_aФ79(2Р)2я43 _2rubbk |
||
| 686 | _aЦ4,6(2)243.3л(2Р-4Кр)9 | ||
| 686 | _aТ3(2Р-4Кр)74-38 | ||
| 702 | 1 |
_aХарченко _bИ. С. _f1924- _gИван Степанович _4220 |
|
| 712 | 0 | 2 |
_4570 _aКраснодарская городская общественная организация ветеранов войны, труда, Вооруженных сил и правоохранительных органов _3RU\NLR\AUTH\8810213417 _9313695 |
| 801 | 0 |
_aRU _bRuMoRKP _c20120220 _grcr |
|
| 801 | 1 |
_aRU _bРГБ _c20120220 |
|
| 801 | 2 |
_aRU _bNLR _c20120227 _grcr |
|
| 830 | _aсост. по кн. | ||
| 942 | _cBOOK | ||
| 980 | _aNB | ||
| 980 | _aNBR | ||